Loading...

Gilles Deleuze and the theater of Philosophy

Bibliographic Details
Main Author: Boundas Constantin V (ed.)
Other Authors: Olkowski Dorothea (ed.)
Format: Printed Book
Published: New York Routledge 1994
Subjects:
LEADER 00620nam a22001811a 4500
020 |a 9780415905053  |c 0.00 
040 |a SSUS - Library - Kalady 
082 |a 194  |b BOU/G 
100 |a Boundas Constantin V (ed.) 
245 |a Gilles Deleuze and the theater of Philosophy  |h [Text] 
260 |a New York  |b Routledge   |c 1994 
300 |a 339p. 
600 |a Philosophy Modern 
700 |a Olkowski Dorothea (ed.) 
852 |h 194  |i BOU/G  |p 034984  |9 979.30  |t 0 
942 |c BK 
999 |c 15976  |d 15976 
952 |0 0  |1 0  |4 0  |6 194_000000000000000_BOU_G  |7 0  |9 22579  |a SSUS  |b SSUS  |d 2015-01-08  |g 979.30  |o 194 BOU/G  |p 034984  |r 2015-01-08  |v 0.00  |w 2015-01-08  |y BK